000 00663nam a2200205Ia 4500
003 GCL
008 140319s9999 xx 000 0 ara d
040 _aGCL /
_cGCL
082 0 4 _aم
_b920
_bح ع
100 1 _aالحافظ الذهبى 748 هـ
245 1 0 _aالعبر فى خبر من غبر /
_cالحافظ الذهبى 748 هـ
700 1 _aفؤاد سيد
260 _aالكويت :
_bوزارة الارشاد والانباء ،
_c1961
300 _a500ص ؛
_c24سم
490 _aالتراث العربى
_v0
650 0 4 _aالتاريخ الاسلامى
650 0 4 _aالتراجم
650 0 4 _aاعلام العرب
942 _2ddc
_cREF
999 _c59315
_d59315